[Event "Morbihan-ch 1213"]
[Site "France"]
[Date "2012.12.15"]
[Round "3"]
[White "Le Pointer, Melodine"]
[Black "Lemoine, Norbert"]
[Result "0-1"]
[WhiteElo "1199"]
[BlackElo "1498"]
[PlyCount "72"]
[EventDate "2012.10.27"]
[EventType "swiss"]
[EventRounds "7"]
[EventCountry "FRA"]
[SourceTitle "EXT 2014"]
[Source "ChessBase"]
[SourceDate "2013.11.20"]
[SourceVersion "1"]
[SourceVersionDate "2013.11.20"]
[SourceQuality "1"]

1. e4 e5 2. Nf3 d6 3. Nc3 Nd7 4. Bb5 c6 5. Ba4 Ngf6 6. d3 Nc5 7. Bg5 Nxa4 8. Nxa4 Be7 9. 0-0 h6 10. Be3 d5 11. Bc5 b6 12. Bxe7 Qxe7 13. Qd2 dxe4 14. dxe4 Ba6 15. Rfd1 0-0 16. Qc3 Nxe4 17. Qxc6 Bb7 18. Qb5 Rfe8 19. Rd7 Nd6 20. Rxe7 Nxb5 21. Rxe8+ Rxe8 22. Re1 Bxf3 23. gxf3 Nd4 24. f4 Nf3+ 25. Kf1 Nxe1 26. Kxe1 exf4+ 27. Kf1 f5 28. Nc3 Re5 29. b4 f3 30. a4 a6 31. h3 Kf7 32. Nd1 Re2 33. Ne3 Ke6 34. c4 Ra2 35. b5 Ra1+ 36. Nd1 Rxd1# 0-1